000 01746nam0a22003491 4500
001 rc\2824213
005 20250529200351.0
035 _a(NLR Aleph) 006982539
090 _a5546165
_c5546165
100 _a20110623d1930 |||y0rusy50 ca
101 1 _arus
_cger
102 _aRU
105 _aa z |||||
200 1 _aБолезни крупного рогатого скота
_eС 52 рис. в тексте и 4 табл. в красках
_fд-р Эв. Вебер, проф. и директор Амбулаторной клиники для животных при Лейпцигск. ун-те
_gПер. с нем. проф. Н.А. Студинского, ветврача В.А. Александрова
_gПод ред. проф. А. Н. Макаревского и проф. Б. С. Михайлова
210 _aМосква
_aЛенинград
_cСельхозгиз
_d1930
_g13-я типо-цинкография "Мысль печатника"
215 _a383 с., 4 вкл. л. ил.
_cил.
_d22х16 см
225 1 _aВетеринарная библиотека
300 _aВ переплете-папке
300 _aНа перепл. - Эвальд Вебер
300 _aНа обороте тит. л.: "D-r Ew. Weber. Die Krankeiten des Rindes"
320 _aБиблиогр.: "Литература" в тексте
700 1 _aВебер
_bЭ.
_gЭвальд
702 1 _aСтудинский
_bН.А.
_4730
702 1 _aАлександров
_bВ.А.
_4730
702 1 _aМакаревский
_bА.Н.
_4340
702 1 _aМихайлов
_bВ.С.
_4340
801 0 _aRU
_bNLR
_gpsbo
801 1 _aRU
_bELAR
_2rusmarc
852 _aNLR
_j30.4/944
852 _aNLR
_j30-4/1130
942 _cBOOK
980 _aNB